Catálogo de las voces usuales de Aymara con la correspondencia en castellano y Quechua
Uloženo v:
| Korporativní autor: | |
|---|---|
| Médium: | Kniha |
| Jazyk: | španělština |
| Vydáno: |
La Paz
Gesbert y Cía.
1971
|
| Vydání: | 1a. ed |
| Témata: | |
| Tagy: |
Přidat tag
Žádné tagy, Buďte první, kdo vytvoří štítek k tomuto záznamu!
|
MARC
| LEADER | 00000nam a2200000 a 4500 | ||
|---|---|---|---|
| 001 | UCJ8287 | ||
| 003 | CL-VaPUC | ||
| 008 | 070124e19710000BO |||||||||||||||||spa|d | ||
| 082 | 0 | 4 | |a 498 |b GIS |2 21 |
| 110 | 2 | |a Gisbert y Compañía, S. A. |e author |9 517044 | |
| 245 | 1 | 0 | |a Catálogo de las voces usuales de Aymara con la correspondencia en castellano y Quechua |
| 250 | |a 1a. ed | ||
| 300 | |a 47 p | ||
| 942 | |c BK | ||
| 945 | |d 20070124 00:00:00 |a rinostro | ||
| 260 | |a La Paz |b Gesbert y Cía. |c 1971 | ||
| 500 | |a Formato pequeño | ||
| 650 | 7 | |a LENGUAS ABORIGENES |2 CL-VaPUC |9 445955 | |
| 650 | 7 | |a LENGUA AYMARA |2 CL-VaPUC |9 461537 | |
| 650 | 7 | |a LENGUA QUECHUA |2 CL-VaPUC |9 461489 | |
| 583 | |a last modification |c 20070124 00:00:00 |k Rodrigo Vera | ||
| 999 | |c 324062 |d 324060 | ||
| 952 | |0 0 |1 0 |4 0 |6 498_000000000000000_GIS_1971 |7 0 |8 X |9 403963 |a FDOBUD |b FDOBUD |d 2019-11-22 |i 1075489 |o 498 GIS 1971 |p 1075489 |r 2019-11-22 |w 2019-11-22 |y BK_X |k BUD | ||